000 00759nam a22002897a 4500
001 BR7316103
003 BR-BrBNA
005 20230928084319.0
007 ta
008 230509b bl.||||| |||| 00| 0 por d
040 _aBR-BrBNA
_bpor
_cBiblioteca Nacional de Agricultura
041 _a(Por)
072 _aF00; E70
_b1060
090 _ 1060 BR7316103
100 1 _aFonseca, A.P. da
245 1 _aA laranjeira, cultura e expansao commercial
260 3 _aRio de Janeiro, GB (Brasil):
_bJ.R. de Oliveira,
_c1931.
300 _a182 p.
650 _aLARANJA
650 _aADUBACAO
650 _aCITRICULTURA
650 _aVARIEDADE
650 _aPRATICA CULTURAL
650 _aEXPORTACAO
909 _a202309
_bLucia
_c55
_dLucia Elande
942 _cBK
999 _c18109
_d18109